Normal view
MARC view
Entry Personal Name
001 - CONTROL NUMBER
- control field: 7775
003 - CONTROL NUMBER IDENTIFIER
- control field: OSt
005 - DATE AND TIME OF LATEST TRANSACTION
- control field: 20211028144234.0
008 - FIXED-LENGTH DATA ELEMENTS
- fixed length control field: 211028|| aca||aabn | a|a d
040 ## - CATALOGING SOURCE
- Original cataloging agency: OSt
- Transcribing agency: OSt
100 ## - HEADING--PERSONAL NAME
- Personal name: Rodrigues, Anjali Voilet; Dias, Beena.
- Miscellaneous information: 1616018
670 ## - SOURCE DATA FOUND
- Source citation: Work cat.: (OSt): Rodrigues, Anjali Voilet; Dias, Beena. 1616018, Study on factors influencing employee attrition at Hinduja global solutions Mangalore., 2018